• 首页
  • 本馆介绍
  • 公告通知
  • 最新文献
  • 馆藏检索
  • 电子资源
  • 读者导购
  • 参考咨询
  • 我的图书馆
  • 登录
  • 详细信息显示
  • 放入我的书架
  • 预约/预借图书
  • 作者相关作品
  • 分类相关作品
  • 丛书相关作品
  • 出版社相关作品

书目信息

  • 表格格式
  • 工作单格式
  • 卡片格式
题名:
天津河北攻略
    
 
作者: ;全球攻略编写组 编著
分册:  
出版信息: 北京   中国旅游出版社  2014
页数: 211页
开本: 22cm
丛书名:
单 册:
中图分类: K928.921 , K928.922
科图分类:
主题词: 旅游指南--天津 , 旅游指南--河北 , 旅游指南
电子资源:
ISBN: 978-7-5032-5018-7
000 01089nam0 2200289 450
001 340244
005 20150625150837.75
010    @a978-7-5032-5018-7@dCNY49.80
100    @a20141212d2014 em y0chiy50 ea
101 0  @achi
102    @aCN@b110000
105    @aa z 000yy
106    @ar
200 1  @a天津河北攻略@Atian jin he bei gong lue@f全球攻略编写组编著
210    @a北京@c中国旅游出版社@d2014
215    @a211页@c照片@d22cm
300    @a最新超值版 全球攻略 速度游
314    @a版权页题:《全球攻略》编写组编著
330    @a本书按照当地的热点区域划分章节, 精彩推荐当地的经典景点, 是一本大而全的全功能时尚旅游指南随身书。推荐地点的选取经典景点;百年建筑;古迹旧址;文博院馆;美食小吃;特色商铺;淘宝小店等等。既有传统旅游景点又有年轻人热衷的时尚玩处。附有大量详细实用的贴心信息, 图文并茂, 资讯详细。
606 0  @a旅游指南@y天津
606 0  @a旅游指南@y河北
606 0  @a旅游指南
690    @aK928.921@v5
690    @aK928.922@v5
711 02 @a全球攻略编写组@Aquan qiu gong lue bian xie zu@4编著
801  0 @aCN@b卓展宏图@c20150525
905    @dK928.921@e881@f4
    
    天津河北攻略/全球攻略编写组编著.-北京:中国旅游出版社,2014
    211页:照片;22cm
    最新超值版 全球攻略 速度游
    
    ISBN 978-7-5032-5018-7:CNY49.80
    本书按照当地的热点区域划分章节, 精彩推荐当地的经典景点, 是一本大而全的全功能时尚旅游指南随身书。推荐地点的选取经典景点;百年建筑;古迹旧址;文博院馆;美食小吃;特色商铺;淘宝小店等等。既有传统旅游景点又有年轻人热衷的时尚玩处。附有大量详细实用的贴心信息, 图文并茂, 资讯详细。
●
相关链接 在E读中查询图书 在五车中查询图书 在当当中查询图书 在豆瓣中查询图书


正题名:天津河北攻略     索取号:K928.921/881         预约/预借

序号 登录号 条形码 馆藏地/架位号 状态 备注
1 864898   208648980   第二样本阅览室/ [索取号:K928.921/881] 在馆    
2 864899   208648999   第二借阅区/ [索取号:K928.921/881] 在馆    
3 864900   208649006   第二借阅区/ [索取号:K928.921/881] 在馆    
4 864901   208649015   密集书库-资源管理系/ [索取号:K928.921/881] 在馆    
唐山师范学院图书馆 欢迎您!
大连网信软件有限公司© 版权所有